00391nam a2200097Ia 4500008004100000100001900041245011800060260006800178500003500246546001200281220512s9999 xx 000 0 eng d aPathak, Jharna 0aDoes the system of rice intensification outperform conventional system?: case study of Gujarat /cPathak, Jharna aAhmedabad :bGujarat Institute of Development Research,cJan-12 aAhmedabad Working paper No 196 aEnglish